| 000 | 01655nam a2200349 c 4500 | ||
|---|---|---|---|
| 003 | BLK | ||
| 005 | 20241206005451.0 | ||
| 008 | 180409b bul|||||r ||||||| ||bul|| | ||
| 010 | _aKNG00127610000 | ||
| 040 | _aBLK | ||
| 041 |
_aBUL _cBUL |
||
| 080 |
_aБългарска литература _b821.163.2 _x-1 _z821.163.2-1 |
||
| 100 |
_aБагряна, Елисавета _d1893-1991 _qБелчева, Елисавета Любомирова _9364149 |
||
| 700 | 1 |
_aДинеков, Петър Николов _eпредг. от _9363799 |
|
| 700 |
_aБелчева, Елисавета Любомирова _9269418 |
||
| 139 |
_aБагряна, Елисавета _bБ 13 |
||
| 245 | 1 | 0 |
_aСтихотворения _cЕлисавета Багряна; предг. от Петър Николов Динеков; * Елисавета Любомирова Белчева. |
| 250 | _a9. изд. | ||
| 257 | _aBGR | ||
| 260 |
_аСофия _bБълг. писател _c1986 _fВраца : В. Александров |
||
| 300 |
_a136 с. _c20 см |
||
| 380 | _aX | ||
| 490 | 1 | _aБиблиотека за ученика | |
| 500 | _aИстинското име на авт. е Елисавета Любомирова Белчева. - 1. изд. 1966. - 55 108 тир. - Съдържа и Био-библиогр. справка за Е. Багряна. | ||
| 600 | 1 | 4 |
_aБагряна, Елисавета _9243087 |
| 852 | _aЦб 144299 | ||
| 856 | 4 |
_qpdf _u |
|
| 856 | 4 |
_qpdf _u |
|
| 942 |
_cKNG _n0 |
||
| 944 |
_aCR _c17.02.2012 _lCRON CRON _k |
||
| 944 |
_aED _c17.02.2012 _l17.02.2012 - от С1,Р / 17.02.2012 _k |
||
| 999 |
_c121977 _d121977 |
||